| 000 | 00782cab a22002175a 4500 | ||
|---|---|---|---|
| 001 | L148221 | ||
| 008 | 090819e20090801xxk f 000 0 eng d | ||
| 035 | _a(Sirsi) u148221 | ||
| 041 | 0 | _aeng | |
| 100 | 1 | _aGill, Suzanne | |
| 245 | 0 | 4 | _aThe poor relation can teach a thing or two |
| 260 | _c2009 | ||
| 490 |
_aEstates Gazette _v(0930) 1 August 2009, 61 (1) |
||
| 520 | _aProvides guidance for good management of leases as this can affect occupancy rates and property yields. | ||
| 590 | _aKA | ||
| 650 | 2 | 4 | _aLAW OF DISTRESS AMENDMENT ACT 1909 |
| 650 | 2 | 4 | _aLANDLORD AND TENANT (COVENANTS) ACT 1995 |
| 651 | 4 |
_aEngland and Wales _y1543- |
|
| 690 | _aPROPERTY-COMMERCIAL PROPERTY-LEASEHOLD COMMERCIAL PROPERTY-COMMERCIAL LANDLORD AND TENANT-COMMERCIAL LEASES | ||
| 942 | _n0 | ||
| 999 |
_c81755 _d81755 |
||